000 02059cab a2200313 4500
001 L131064
008 050923n2005 000 0 eng u
035 _a(Sirsi) u131064
041 0 _aeng
100 _aSydenham, Angela
245 _aAre vehicular rights extinguished on a reclassification of a RUPP under the Countryside Act 1968?
260 _c2005
490 _aEMIS Property Service
_v3(9) September 2005, 11-13(3)
520 _aConsiders whether roads used as a public path (RUPPs) as defined in the National Parks and Access to Countryside Act 1949 continue to be subject to vehicular rights when a RUPP is reclassified under the Countryside Act 1968. The current law set out in the Wildlife and Countryside Act 1981 S54 imposes a duty on the highway authority to reclassify RUPPs on the basis of rights which are shown to exist. Looks at "R v SOS for Environment, Food and Rural Affairs ex p Kind" ([2005 EWHC 1324 (Admin), L130404) which held that reclassification of a bridleway did not extinguish vehicular rights and that a modification order could be made under s53 of the 1981 Act on the basis of evidence showing that public vehicular rights existed over the route before reclassification. The duty to reclassify will cease when the Countryside and Rights of Way Act 2000 s47 comes into force.
590 _aIKA270905
650 _aNATIONAL PARKS AND ACCESS TO THE COUNTRYSIDE ACT 1949 S27(6)
650 _aNATIONAL PARKS AND ACCESS TO THE COUNTRYSIDE ACT 1949 S32(4)(B)
650 _aCOUNTRYSIDE ACT 1968 SCHED 3 PARA 10
650 _aPEARSON V SOS FOR ENVIRONMENT
650 _aFOWLER V SOS FOR ENVIRONMENT AND DEVON CC
650 _aNATIONAL PARKS AND ACCESS TO THE COUNTRYSIDE ACT 1949 S27(6)
650 _aWILDLIFE AND COUNTRYSIDE ACT 1981 S54
650 _aR V SOS ENVIRONMENT EX P RILEY
650 _aR V SOS ENVIRONMENT EX P HOOD
650 _aCOUNTRYSIDE AND RIGHTS OF WAY ACT 2000 S47
650 _aR V SOS ENVIRONMENT, FOOD AND RURAL AFFAIRS EX P KIND
690 _aBoundary disputes
_96221
942 _n0
999 _c75936
_d75936